| 000 | 00472cam a2200157 a 4500 | ||
|---|---|---|---|
| 020 | _a0070248443 | ||
| 040 | _cDLC | ||
| 082 | 0 | 0 | _a004 MCG 1997 A004 Or. |
| 100 | 1 | _aGrinberg, Arkady. | |
| 245 | 1 | 0 |
_aSeamless networks : _binteroperating wireless and wireline networks / |
| 260 |
_aNew York : _bMcGraw-Hill, _cc1997. |
||
| 300 |
_aix, 260 p. : _bill. ; _c24 cm. |
||
| 650 | 0 | _aInternetworking (Telecommunication) | |
| 650 | 0 | _aWireless communication systems. | |
| 942 | _cEK | ||
| 999 |
_c16379 _d16379 |
||